000 00678nam a2200241Ia 4500
003 OSt
005 20220924121339.0
006 a|||||r|||| 00| 0
007 ta
008 220923b |||||||| |||| 00| 0 tel d
024 _a344536
037 _cTextual
040 _aARTS
_cARTS
_btel
041 _2tel
_atel
082 _aO35,3N27x, L9
100 _aKavitha Sankalanam Au.
_9185440
245 0 _akommalu Chelchukuni Vastunna Poolu
260 _aHyderabad
_bKavi Sena Publication India
_c1979
300 _a91p.
_ccm.
650 _aTELUGU LITERATURE
942 _hO35,3N27x, L9
_cTEXL
_2CC
999 _c407048
_d407048